عرض عادي
عرض مارك
- الموهوبون
مدخل مصطلح موضوعي
001 - رقم الضبط
- حقل الضبط: 90066
003 - معرف رقم الضبط
- حقل الضبط: OSt
005 - تاريخ ووقت أخر عملية
- حقل الضبط: 20220606111510.0
008 - عناصر بيانات ثابتة الطول
- حقل تحكم ثابت الطول: 220606|| aca||aabn | a|a d
040 ## - مصدر الفهرسة
- هيئة الفهرسة الأصلية: OSt
- وكالة الكتابة: OSt
150 ## - مدخل-- مصطلح تاريخي
- عنصر مدخل المصطلح الموضوعي او الاسم الجغرافي: الموهوبون
670 ## - بيانات المصدر موجوده
- الاستشهاد بالمصدر: Work cat.: (OSt): القمش، مصطفى نوري 56463, الموهوبون ذوو صعوبات التعلم /, 2017
